Hoạt động giám sát của hội đồng nhân dân cấp tỉnh - Từ thực tiễn tỉnh Long An Luận văn thạc sĩ. Chuyên ngành: Luật Hiến pháp và Luật hành chính. Mã ngành: 8380102
সংরক্ষণ করুন:
| প্রধান লেখক: | |
|---|---|
| সংস্থা লেখক: | , |
| অন্যান্য লেখক: | |
| ভাষা: | Undetermined Vietnamese |
| প্রকাশিত: |
Trà Vinh
Trường Đại học Trà Vinh
2019
|
| বিষয়গুলি: | |
| ট্যাগগুলো: |
ট্যাগ যুক্ত করুন
কোনো ট্যাগ নেই, প্রথমজন হিসাবে ট্যাগ করুন!
|
| Thư viện lưu trữ: | Trung tâm Học liệu Trường Đại học Trà Vinh |
|---|
| LEADER | 01074nam a2200289Ia 4500 | ||
|---|---|---|---|
| 001 | TVU_32099 | ||
| 008 | 210423s9999 xx 000 0 und d | ||
| 041 | |a vie | ||
| 082 | |a 342.59709 | ||
| 082 | |b C120 | ||
| 100 | |a Đặng, Thị Ngọc Cẩm | ||
| 245 | 0 | |a Hoạt động giám sát của hội đồng nhân dân cấp tỉnh - Từ thực tiễn tỉnh Long An | |
| 245 | 0 | |b Luận văn thạc sĩ. Chuyên ngành: Luật Hiến pháp và Luật hành chính. Mã ngành: 8380102 | |
| 245 | 0 | |c Đặng Thị Ngọc Cẩm ; Vũ Văn Nhiêm (hướng dẫn khoa học) | |
| 260 | |a Trà Vinh | ||
| 260 | |b Trường Đại học Trà Vinh | ||
| 260 | |c 2019 | ||
| 300 | |a vii, 63 tr. | ||
| 300 | |b minh hoạ | ||
| 300 | |c 30 cm | ||
| 504 | |a Thư mục: tr. 61-63 | ||
| 650 | |a Hội đồng nhân dân | ||
| 700 | |a Đặng Thị Ngọc Cẩm; Vũ Văn Nhiêm | ||
| 700 | |e hướng dẫn khoa học | ||
| 710 | |a Ủy ban Nhân dân tỉnh Trà Vinh | ||
| 710 | |b Trường Đại học Trà Vinh | ||
| 980 | |a Trung tâm Học liệu Trường Đại học Trà Vinh | ||